LEADER 01006nam0 22002291i 450 001 UON00185677 005 20231205103152.303 100 $a20030730d1977 |0itac50 ba 101 $aita 102 $aIT 105 $a|||| 1|||| 200 1 $aˆUn ‰altro modo di possedere$el'emersione di forme alternative di proprietà alla coscienza giuridica unitaria$fPaolo Grossi 210 $aMilano$cGiuffrè$d1977 - 392 p. ; 22 cm 410 1$1001UON00171357$12001 $aPer la Storia del Pensiero Giuridico Moderno$v5 606 $aProprietà$xGiurisprudenza$xStudi$3UONC035595$2FI 700 1$aGrossi$bPaolo$3UONV100196$0145058 801 $aIT$bSOL$c20260109$gRICA 899 $aSIBA - SISTEMA BIBLIOTECARIO DI ATENEO E ARCHIVIO STORICO$2UONSI 912 $aUON00185677 950 $aSIBA - SISTEMA BIBLIOTECARIO DI ATENEO E ARCHIVIO STORICO$dSI COL A 0005 $eSI SC 3610 7 0005 996 $aAltro modo di possedere$9648685 997 $aUNIOR